| 000 | 05263cam a2201873 i 4500 | ||
|---|---|---|---|
| 001 | nkc20243653030 | ||
| 003 | CZ PrSKC | ||
| 005 | 20260417151945.0 | ||
| 007 | ta | ||
| 008 | 241120s2024 xr acfhe 001 d cze d | ||
| 015 | _acnb003653030 | ||
| 020 |
_a9788027518135 _q(vázáno) |
||
| 035 | _a(OCoLC)1498299209 | ||
| 040 |
_aTUG001 _bcze _dCBA001 _dABA001 _erda |
||
| 043 | _ae-cs--- | ||
| 045 | _ax5x6 | ||
| 072 | 7 |
_a792 _xDivadlo. Divadelní představení _2Konspekt |
|
| 080 |
_a784.7:792 _2MRF |
||
| 080 |
_a792.09 _2MRF |
||
| 080 |
_a82-2 _2MRF |
||
| 080 |
_a792.2 _2MRF |
||
| 080 |
_a792(091) _2MRF |
||
| 080 |
_a(437) _2MRF |
||
| 080 |
_a(048.8) _2MRF |
||
| 100 | 1 |
_aKlusák, Pavel, _d1969- _4aut |
|
| 245 | 1 | 0 |
_aSuchý & Šlitr : _bSemafor 1959-1969 / _cPavel Klusák |
| 246 | 3 | _aSuchý a Šlitr | |
| 246 | 3 | 0 | _aSemafor 1959-1969 |
| 250 | _aPrvní vydání | ||
| 264 | 1 |
_aBrno : _bHost, _c2024 |
|
| 300 |
_a445 stran, 11 nečíslovaných stran : _bilustrace, portréty, faksimile ; _c26 cm |
||
| 336 |
_atext _btxt _2rdacontent |
||
| 336 |
_astatický obraz _bsti _2rdacontent |
||
| 337 |
_abez média _bn _2rdamedia |
||
| 338 |
_asvazek _bnc _2rdacarrier |
||
| 504 | _aObsahuje bibliografii, bibliografické odkazy a rejstřík | ||
| 520 | 2 |
_aFenomén divadla Semafor přišel s počátkem šedesátých let jako zjevení, které ztělesnilo touhu československé společnosti po svobodě a uvolnění. _bPavel Klusák se rozhodl prožít se Semaforem celá šedesátá léta. S ikonickými hrami Jonáš a tingltangl, Dobře placená procházka nebo Ďábel z Vinohrad se spouští do nitra příběhů éry Suchého a Šlitra, ale také se od nich rozhlíží ven k dobovým kulturním kontextům. Vždyť se semaforskými tvůrci spolupracoval snad každý, kdo tehdy v Československu utvářel novou kulturu. Nakladatelská anotace. Kráceno. |
|
| 600 | 1 | 7 |
_aŠlitr, Jiří, _d1924-1969 _2czenas |
| 600 | 1 | 7 |
_aSuchý, Jiří, _d1931 říjen 1.- _2czenas |
| 610 | 2 | 7 |
_aDivadlo Semafor _2czenas |
| 648 | 4 | _a1959-1969 | |
| 650 | 0 | 7 |
_adivadla malých forem _zČeskoslovensko _y1959-1969 _2czenas |
| 650 | 0 | 7 |
_adějiny divadla _zČeskoslovensko _y1959-1969 _2czenas |
| 650 | 0 | 7 |
_adivadelní představení _zČeskoslovensko _y1959-1969 _2czenas |
| 650 | 0 | 7 |
_adivadelní inscenace _zČeskoslovensko _y1959-1969 _2czenas |
| 650 | 0 | 7 |
_adivadelní písně _zČeskoslovensko _y1959-1969 _2czenas |
| 650 | 0 | 9 |
_atheaters of small forms _zCzechoslovakia _y1959-1969 _2eczenas |
| 650 | 0 | 9 |
_ahistory of theater _zCzechoslovakia _y1959-1969 _2eczenas |
| 650 | 0 | 9 |
_atheater performances _zCzechoslovakia _y1959-1969 _2eczenas |
| 650 | 0 | 9 |
_atheatrical productions _zCzechoslovakia _y1959-1969 _2eczenas |
| 650 | 0 | 9 |
_atheater songs _zCzechoslovakia _y1959-1969 _2eczenas |
| 655 | 7 |
_amonografie _2czenas |
|
| 655 | 9 |
_amonographs _2eczenas |
|
| 900 | _b19 | ||
| 910 | _aABA001 | ||
| 910 | _aABA007 | ||
| 910 | _aABA010 | ||
| 910 | _aABA012 | ||
| 910 | _aABB060 | ||
| 910 | _aABD001 | ||
| 910 | _aABD020 | ||
| 910 | _aABD103 | ||
| 910 | _aABD186 | ||
| 910 | _aABE301 | ||
| 910 | _aABE304 | ||
| 910 | _aABE309 | ||
| 910 | _aABG001 | ||
| 910 | _aABG006 | ||
| 910 | _aABG016 | ||
| 910 | _aABG503 | ||
| 910 | _aBKG001 | ||
| 910 | _aBKG501 | ||
| 910 | _aBKG502 | ||
| 910 | _aBOA001 | ||
| 910 | _aBOD001 | ||
| 910 | _aBOE303 | ||
| 910 | _aBOE310 | ||
| 910 | _aBOG001 | ||
| 910 | _aBRG501 | ||
| 910 | _aBRG540 | ||
| 910 | _aBVG001 | ||
| 910 | _aCBA001 | ||
| 910 | _aCHG001 | ||
| 910 | _aCKG001 | ||
| 910 | _aCRG001 | ||
| 910 | _aCVG501 | ||
| 910 | _aCVG504 | ||
| 910 | _aDCG302 | ||
| 910 | _aDCG501 | ||
| 910 | _aDOG001 | ||
| 910 | _aHBG001 | ||
| 910 | _aHKG001 | ||
| 910 | _aHOG001 | ||
| 910 | _aJCG001 | ||
| 910 | _aJCG502 | ||
| 910 | _aJHG001 | ||
| 910 | _aJHG503 | ||
| 910 | _aJNG001 | ||
| 910 | _aKAG001 | ||
| 910 | _aKAG503 | ||
| 910 | _aKAG506 | ||
| 910 | _aKHG001 | ||
| 910 | _aKHG505 | ||
| 910 | _aKLG001 | ||
| 910 | _aKLG002 | ||
| 910 | _aKMG001 | ||
| 910 | _aKMG502 | ||
| 910 | _aKTG001 | ||
| 910 | _aKTG501 | ||
| 910 | _aKVG001 | ||
| 910 | _aKVG003 | ||
| 910 | _aKVG501 | ||
| 910 | _aLIA001 | ||
| 910 | _aLID001 | ||
| 910 | _aLNG001 | ||
| 910 | _aLTG001 | ||
| 910 | _aMBG001 | ||
| 910 | _aMEG502 | ||
| 910 | _aMOG001 | ||
| 910 | _aMOG501 | ||
| 910 | _aNBG501 | ||
| 910 | _aNBG505 | ||
| 910 | _aNJG001 | ||
| 910 | _aNJG504 | ||
| 910 | _aOLA001 | ||
| 910 | _aOLD012 | ||
| 910 | _aOLG001 | ||
| 910 | _aOSA001 | ||
| 910 | _aPAE303 | ||
| 910 | _aPAG001 | ||
| 910 | _aPBG501 | ||
| 910 | _aPEG001 | ||
| 910 | _aPIG001 | ||
| 910 | _aPNA001 | ||
| 910 | _aPND002 | ||
| 910 | _aPNG001 | ||
| 910 | _aPNG503 | ||
| 910 | _aPRG001 | ||
| 910 | _aPRG501 | ||
| 910 | _aPVG001 | ||
| 910 | _aRKG001 | ||
| 910 | _aSMG506 | ||
| 910 | _aSTG001 | ||
| 910 | _aSVG001 | ||
| 910 | _aSVG502 | ||
| 910 | _aTAG001 | ||
| 910 | _aTRG001 | ||
| 910 | _aTUG001 | ||
| 910 | _aTUG504 | ||
| 910 | _aUHG001 | ||
| 910 | _aULG001 | ||
| 910 | _aVSG502 | ||
| 910 | _aVYG001 | ||
| 910 | _aZLG001 | ||
| 910 | _aZNG001 | ||
| 910 | _aZRG001 | ||
| 910 | _aZRG503 | ||
| 942 |
_2ddc _cKNIHA _n0 |
||
| 999 |
_c1873 _d1873 |
||